| 000 | 00780nam a22002537a 4500 | ||
|---|---|---|---|
| 005 | 20170123162317.0 | ||
| 010 | _aA-644521 | ||
| 020 | _c80.00 | ||
| 035 | _aA-644521 | ||
| 037 | _bCen Lib/Ret | ||
| 040 |
_aDPL _bUR |
||
| 082 |
_aن _bٹ ه ا |
||
| 100 |
_aٹھاکر، کرن _914217 |
||
| 245 |
_aشہزادی : _cکرن ٹھاکر _bناول / |
||
| 246 |
_aShahzadi : novel / _bby Kiran Thakar |
||
| 260 |
_aدہلی _bماڈرن پبلشنگ ہاؤس _c1994 |
||
| 270 |
_a٩، گولہ مارکیٹ دریاگنج _bدہلی _e110002 |
||
| 300 |
_a222p. _c19cm(Hb) |
||
| 650 |
_aاردو ادب _9115439 |
||
| 650 |
_aاردو ناول _9547 |
||
| 650 |
_aUrdu literature _9115440 |
||
| 650 |
_aUrdu novel _9115441 |
||
| 942 |
_2ddc _cUR _hن _mٹ ه ا |
||
| 999 |
_c106829 _d106829 |
||